| 000 | 00875nam a2200253Ia 4500 | ||
|---|---|---|---|
| 003 | GCL | ||
| 008 | 140319s9999 xx 000 0 ara d | ||
| 040 |
_aGCL / _cGCL |
||
| 082 | 0 | 4 |
_a819 _bج ر |
| 100 | 1 | _aحسن السندوبى | |
| 245 | 1 | 0 |
_aرسائل الجاحظ وهى رسائل منتقاة من كتاب للجاحظ لم تنشر قبل الان / _cحسن السندوبى |
| 700 | 1 | _aالجاحظ : ابوعثمان عمرو بن بحر محبوب | |
| 260 |
_a[S.N] : _bدار الكتب المصرية ، _c1993 |
||
| 300 | _a317 ص | ||
| 490 | _a | ||
| 650 | 0 | 4 | _aالادب العربى |
| 650 | 0 | 4 | _aاللغة العربية |
| 650 | 0 | 4 | _aالبلاغة العربية |
| 650 | 0 | 4 | _aالرسائل الادبية |
| 650 | 0 | 4 | _aالرسائل |
| 650 | 0 | 4 | _aالرسائل فى الادب |
| 650 | 0 | 4 | _aالمجموعات |
| 942 |
_2ddc _cBK |
||
| 999 |
_c27704 _d27704 |
||